Normal view MARC view
  • Organizaciones no lucrativas

Entry Materia

Number of records used in: 8

001 - NÚMERO DE CONTROL DEL REGISTRO

  • campo de control: 10073

003 - IDENTIFICADOR DE NUMERO DE CONTROL

  • campo de control: MX-MxUPN

005 - FECHA Y HORA DE LA ÚLTIMA TRANSACCIÓN

  • campo de control: 20260326141840.0

008 - DATOS DE LONGITUD FIJA

  • campo de control de longitud fija: 260326nn annnnbabn n ana |d

035 ## - NÚMERO DE CONTROL DEL SISTEMA

  • Número de control del sistema: UPN10000010080

040 ## - FUENTE DE LA CATALOGACIÓN

  • Centro catalogador de origen: MX-MxUPN
  • Lengua de catalogación: spa

150 ## - ENCABEZAMIENTO - TEMÁTICO

  • Término de materia o nombre geográfico como elemento inicial: Organizaciones no lucrativas

670 ## - FUENTE EN LA QUE SE LOCALIZARON DATOS

  • Cita de la fuente: Autoridades LC, 26 marzo 2026 :
  • Información localizada: (Non profit organizations)
  • Identificador Uniforme del Recurso: https://lccn.loc.gov/sh85032985

902 ## - CATALOGADOR

  • Catalogador: MCM/260608
  • Catalogador: VìctorGodìnez/260326